Statistics for NASCAR Cup Series Winners at Watkins Glen International

Click here to take the quiz!

General Stats

  • This quiz has been taken 377 times
    (63 since last reset)
  • The average score is 28 of 40

Answer Stats

YearWinner% Correct
2016Denny Hamlin
93%
1999Jeff Gordon
93%
1998Jeff Gordon
93%
2001Jeff Gordon
93%
1997Jeff Gordon
93%
2019Chase Elliott
91%
2018Chase Elliott
91%
2022Kyle Larson
91%
2021Kyle Larson
91%
2002Tony Stewart
91%
2004Tony Stewart
91%
2009Tony Stewart
91%
2005Tony Stewart
91%
2007Tony Stewart
91%
2008Kyle Busch
89%
2013Kyle Busch
89%
2003Robby Gordon
86%
2017Martin Truex, Jr.
84%
2023William Byron
82%
2015Joey Logano
80%
2012Marcos Ambrose
80%
2011Marcos Ambrose
80%
1992Kyle Petty
75%
2006Kevin Harvick
73%
2010Juan Pablo Montoya
64%
1995Mark Martin
64%
1994Mark Martin
64%
1993Mark Martin
64%
1987Rusty Wallace
61%
1989Rusty Wallace
61%
2014A.J. Allmendinger
55%
1990Ricky Rudd
45%
1988Ricky Rudd
45%
1957Buck Baker
41%
1996Geoffrey Bodine
36%
1991Ernie Irvan
34%
1986Tim Richmond
34%
2000Steve Park
25%
1965Marvin Panch
16%
1964Billy Wade
7%

Score Distribution

Percentile by Number Answered

Percent of People with Each Score

Your Score History

You have not taken this quiz since the last reset